[Event "33. Seebach-Open"]
[Site "Grossenseebach"]
[Date "2024.06.01"]
[Round "5.49"]
[White "Ratushnyi, Artur"]
[Black "Ospina Ocampo, Camilo"]
[Result "1/2-1/2"]
[WhiteElo "1446"]
[BlackElo "1837"]
[PlyCount "40"]
[EventDate "2024.??.??"]
[WhiteTeam "SC Schwarz-Weiß Nürnberg Süd e.V"]
[BlackTeam "SK Durlach"]

1. e4 e5 2. Nf3 Nc6 3. Nc3 Nf6 4. d4 exd4 5. Nxd4 Bb4 6. Nxc6 bxc6 7. Bg5 h6 8.
Bxf6 Qxf6 9. Qd3 O-O 10. f3 d5 11. O-O-O Bxc3 12. Qxc3 Qxc3 13. bxc3 dxe4 14.
fxe4 Be6 15. c4 Rab8 16. Bd3 Rb4 17. Rhe1 Rfb8 18. c3 Ra4 19. Rd2 Kf8 20. Ree2
Ra3 1/2-1/2

[Event "33. Seebach-Open"]
[Site "Grossenseebach"]
[Date "2024.06.01"]
[Round "5.50"]
[White "Llugiq, Bajram"]
[Black "Kalnik, Isabell"]
[Result "1-0"]
[WhiteElo "1816"]
[BlackElo "1479"]
[PlyCount "75"]
[EventDate "2024.??.??"]
[WhiteTeam "SC Schwarz-Weiß Nürnberg Süd e.V"]
[BlackTeam "FSV Großenseebach"]

1. d4 d5 2. c4 Nf6 3. Nc3 c6 4. Nf3 Bg4 5. Ne5 Nbd7 6. Nxg4 Nxg4 7. e4 Ngf6 8.
e5 Ne4 9. Nxe4 dxe4 10. Qg4 e6 11. c5 b6 12. b4 f5 13. exf6 Qxf6 14. Qxe4 bxc5
15. bxc5 Bxc5 16. Be3 Bb4+ 17. Kd1 O-O 18. Bc4 Rfe8 19. Ke2 c5 20. Rhd1 Bc3 21.
Rac1 cxd4 22. Bxd4 Bxd4 23. Qxd4 Qxd4 24. Rxd4 Nb6 25. Bb3 Rac8 26. Rcd1 Kf7
27. Kf1 Re7 28. Rd6 Nc4 29. R6d4 Na5 30. Ba4 Rc4 31. Bb5 Rxd4 32. Rxd4 Rb7 33.
Bd3 Nc6 34. Rf4+ Kg8 35. Ra4 h6 36. Be4 Rc7 37. Rc4 Rb7 38. Rxc6 1-0

[Event "33. Seebach-Open"]
[Site "Grossenseebach"]
[Date "2024.06.01"]
[Round "5.51"]
[White "Hafes, Hassan"]
[Black "Averkova, Olena"]
[Result "0-1"]
[WhiteElo "1485"]
[BlackElo "1812"]
[PlyCount "118"]
[EventDate "2024.??.??"]
[WhiteTeam "SF Riedlingen"]
[BlackTeam "SC 1868 Bamberg"]

1. e4 d5 2. exd5 Nf6 3. Nf3 Nxd5 4. d4 Bg4 5. Be2 e6 6. c3 Nd7 7. Bg5 N7f6 8.
Na3 Bxa3 9. bxa3 Nxc3 10. Qd3 Nxe2 11. Kxe2 O-O 12. h3 Bf5 13. Qe3 Nd5 14. Bxd8
Nxe3 15. Bxc7 Nxg2 16. Rhg1 Rac8 17. Bg3 Rc2+ 18. Nd2 Bxh3 19. Rh1 Bg4+ 20. f3
Rxd2+ 21. Kxd2 Bxf3 22. Rh2 e5 23. Bxe5 f6 24. Bg3 Re8 25. Kc3 Re3+ 26. Kb4 Rd3
27. Kc4 Rxa3 28. Kc5 Ra4 29. Rc1 Rxa2 30. Kd6 Ra6+ 31. Ke7 h6 32. Rc8+ Kh7 33.
Rd8 Ne3 34. Kf7 Bd5+ 35. Ke8 Re6+ 36. Kf8 Bc4 37. Bf4 f5 38. Bxe3 Rxe3 39. Rd7
Rg3 40. d5 Rg6 41. d6 Rf6+ 42. Ke8 Bb5 43. Kd8 Bxd7 44. Kxd7 Kg8 45. Kc7 g5 46.
Rd2 Kg7 47. d7 Rf8 48. d8=Q Rxd8 49. Kxd8 Kg6 50. Ke7 f4 51. Rd6+ Kh5 52. Kf6
Kh4 53. Kf5 h5 54. Rd1 f3 55. Rh1+ Kg3 56. Rg1+ Kh2 57. Rxg5 f2 58. Rxh5+ Kg2
59. Rg5+ Kf3 0-1

[Event "33. Seebach-Open"]
[Site "Grossenseebach"]
[Date "2024.06.01"]
[Round "5.52"]
[White "Kuhmann, Peter"]
[Black "Yanpala, Oguz Faruk"]
[Result "1-0"]
[WhiteElo "1799"]
[BlackElo "1227"]
[PlyCount "140"]
[EventDate "2024.??.??"]
[WhiteTeam "TSV Kirchehrenbach"]
[BlackTeam "SC JÄKLECHEMIE Talente Franken e"]

1. e4 c5 2. Nc3 g6 3. g3 Bg7 4. Bg2 e6 5. d3 Ne7 6. Bg5 Nbc6 7. Nh3 O-O 8. O-O
h6 9. Be3 b6 10. Ne2 Bxb2 11. Bxh6 Bg7 12. Bxg7 Kxg7 13. Nc3 Bb7 14. f4 d5 15.
f5 exf5 16. exf5 Nxf5 17. Rxf5 gxf5 18. Nxd5 Nd4 19. Nhf4 Ne6 20. Nh5+ Kh6 21.
Nhf6 Bxd5 22. Qh5+ Kg7 23. Nxd5 Qg5 24. Qxg5+ Nxg5 25. Rf1 Ne6 26. Ne7 Rad8 27.
Nxf5+ Kf6 28. Nd4+ Kg7 29. Nf5+ Kh7 30. Ne3 Nd4 31. Be4+ Kg7 32. Kg2 a6 33. h4
b5 34. c3 Ne6 35. Nf5+ Kh8 36. g4 f6 37. Ne7 Kg7 38. Nf5+ Kh8 39. Ne7 Kg7 40.
Bf5 Nc7 41. h5 Nd5 42. h6+ Kxh6 43. Rh1+ Kg5 44. Nxd5 Rxd5 45. Kg3 Rxf5 46.
Rh5+ Kg6 47. Rxf5 Rd8 48. Rf3 Rd5 49. Kf4 a5 50. Re3 b4 51. cxb4 axb4 52. Rh3
Rd4+ 53. Ke3 Rxg4 54. Rh8 Rg2 55. Rg8+ Kf5 56. Rxg2 Ke5 57. Rg8 Kd5 58. Rd8+
Kc6 59. Rf8 Kb5 60. Rxf6 Ka4 61. Kd2 Ka3 62. Rc6 Kxa2 63. Rxc5 b3 64. Rb5 Ka3
65. d4 Ka4 66. Rb8 Ka3 67. d5 b2 68. d6 Ka2 69. d7 b1=Q 70. Rxb1 Kxb1 1-0

[Event "33. Seebach-Open"]
[Site "Grossenseebach"]
[Date "2024.06.01"]
[Round "5.53"]
[White "Rebhann, Leo"]
[Black "Cufi, Astrit"]
[Result "1/2-1/2"]
[WhiteElo "1441"]
[BlackElo "1676"]
[PlyCount "41"]
[EventDate "2024.??.??"]
[WhiteTeam "BSG Wöhrlhaus Erlangen"]
[BlackTeam "BSG Wöhrlhaus Erlangen"]

1. d4 Nf6 2. e3 d5 3. Nf3 Bg4 4. Be2 e6 5. Nbd2 Bd6 6. b3 Nbd7 7. Bb2 c5 8. h3
Bf5 9. O-O a6 10. a4 Rc8 11. Rc1 cxd4 12. exd4 Qe7 13. c4 dxc4 14. Nxc4 O-O 15.
Nxd6 Qxd6 16. Bd3 Bxd3 17. Qxd3 Rfd8 18. Qe3 Nb6 19. Rxc8 Rxc8 20. Rc1 Qd8 21.
Qe1 1/2-1/2

[Event "33. Seebach-Open"]
[Site "Grossenseebach"]
[Date "2024.06.01"]
[Round "5.54"]
[White "Scheitler, Wolfgang"]
[Black "Kuhlemann, Claus"]
[Result "1/2-1/2"]
[WhiteElo "1424"]
[BlackElo "1632"]
[PlyCount "47"]
[EventDate "2024.??.??"]
[WhiteTeam "SC Schwarz-Weiß Nürnberg Süd e.V"]
[BlackTeam "SV Memmelsdorf"]

1. d4 b6 2. c4 Bb7 3. Nc3 Nf6 4. Nf3 e6 5. a3 d5 6. cxd5 Nxd5 7. Qc2 Be7 8. e4
Nxc3 9. bxc3 O-O 10. Bd3 c5 11. Bb2 cxd4 12. cxd4 Nd7 13. O-O g6 14. Rad1 Qc8
15. Qb1 Qb8 16. d5 exd5 17. exd5 Nf6 18. d6 Bd8 19. Ne5 Qc8 20. Rc1 Qe6 21.
Bxg6 fxg6 22. Nxg6 hxg6 23. Qxg6+ Kh8 24. Qh6+ 1/2-1/2

[Event "33. Seebach-Open"]
[Site "Grossenseebach"]
[Date "2024.06.01"]
[Round "5.55"]
[White "Heimann, Jonas"]
[Black "Kern, Daniel"]
[Result "0-1"]
[WhiteElo "1598"]
[BlackElo "1200"]
[PlyCount "96"]
[EventDate "2024.??.??"]
[WhiteTeam "SC Forchheim e.V."]
[BlackTeam "SC Höchstadt/Aisch"]

1. e4 c5 2. d4 cxd4 3. c3 dxc3 4. Nxc3 Nc6 5. Nf3 e5 6. Bc4 h6 7. Qd5 Qe7 8.
O-O Nf6 9. Qd3 d6 10. Re1 Be6 11. Bb5 Bd7 12. Be3 Nb4 13. Qe2 Bxb5 14. Qxb5+
Nc6 15. Rac1 Qd7 16. Red1 Be7 17. Qe2 O-O 18. Nh4 Ng4 19. Nf5 Nxe3 20. Nxe7+
Qxe7 21. Qxe3 a6 22. Nd5 Qh4 23. a4 Kh8 24. b4 f5 25. f3 fxe4 26. fxe4 Nd4 27.
Rc7 Qg4 28. Rcc1 Ne2+ 29. Kh1 Nxc1 30. Rxc1 Rf7 31. h3 Qh4 32. Rg1 Raf8 33. Kh2
Rf1 34. g3 Qd8 35. Rg2 Qc8 36. Ne7 Qe8 37. Nf5 Qxa4 38. Nxh6 Qa1 39. g4 Rh1+
40. Kg3 Qe1+ 41. Qxe1 Rxe1 42. Nf5 Rxe4 43. Nxd6 Rxb4 44. Re2 Rf6 45. Ne4 Rfb6
46. Ng5 a5 47. Rxe5 Rb3+ 48. Kh4 Rh6# 0-1

[Event "33. Seebach-Open"]
[Site "Grossenseebach"]
[Date "2024.06.01"]
[Round "5.56"]
[White "Walter, Gabriele"]
[Black "Schuetz, Robert"]
[Result "1/2-1/2"]
[WhiteElo "1384"]
[BlackElo "1592"]
[PlyCount "45"]
[EventDate "2024.??.??"]
[WhiteTeam "SV Lauf a.d.P."]
[BlackTeam "TSV Kirchehrenbach"]

1. c4 e6 2. g3 d5 3. b3 Nf6 4. Bg2 c5 5. cxd5 exd5 6. e3 Be7 7. Bb2 O-O 8. Ne2
Nc6 9. O-O Bf5 10. a3 Qd7 11. d4 b6 12. Nbc3 Rac8 13. Nf4 cxd4 14. Ncxd5 Nxd5
15. Nxd5 dxe3 16. Nxe7+ Qxe7 17. Qe2 exf2+ 18. Rxf2 Qxe2 19. Rxe2 Be6 20. b4
Ne7 21. Be5 Rfd8 22. Bb7 Rc4 23. Ba6 1/2-1/2

[Event "33. Seebach-Open"]
[Site "Grossenseebach"]
[Date "2024.06.01"]
[Round "5.60"]
[White "Timurlenk, Emre"]
[Black "Ratushna, Olha"]
[Result "0-1"]
[WhiteElo "1313"]
[BlackElo "1445"]
[PlyCount "74"]
[EventDate "2024.??.??"]
[WhiteTeam "SV Bubenreuth e.V."]
[BlackTeam "SC Schwarz-Weiß Nürnberg Süd e.V"]

1. d4 Nf6 2. c4 g6 3. Nc3 Bg7 4. Nf3 O-O 5. Bf4 d6 6. e3 Nh5 7. Bg3 c5 8. Qc2
Bg4 9. O-O-O cxd4 10. exd4 Nc6 11. d5 Bxf3 12. gxf3 Nd4 13. Qe4 Nf5 14. Bh3
Nfxg3 15. hxg3 Qa5 16. Qe3 Qb4 17. Bf1 a5 18. g4 Nf6 19. a3 Qc5 20. Qxe7 Qxf2
21. Be2 Rae8 22. Qxb7 Rxe2 23. Nxe2 Qxe2 24. Qb5 Qxf3 25. Qxa5 Qe4 26. Qb4 h5
27. gxh5 Bh6+ 28. Rd2 Bxd2+ 29. Qxd2 Qxh1+ 30. Kc2 Qe4+ 31. Kc3 Qg4 32. b4 Ne4+
33. Kc2 Nxd2 34. Kxd2 Re8 35. c5 Qe2+ 36. Kc3 Re3+ 37. Kd4 Qd3# 0-1

[Event "33. Seebach-Open"]
[Site "Grossenseebach"]
[Date "2024.06.01"]
[Round "5.61"]
[White "Kohler, Alfred"]
[Black "Gebhardt, Andreas"]
[Result "1/2-1/2"]
[WhiteElo "1537"]
[BlackElo "1253"]
[PlyCount "84"]
[EventDate "2024.??.??"]
[WhiteTeam "SK 1911 Herzogenaurach e.V."]
[BlackTeam "TSV Kirchehrenbach"]

1. d4 d5 2. Nf3 Bf5 3. e3 Nf6 4. c4 g6 5. Nc3 Bg7 6. Qb3 O-O 7. Qxb7 Nbd7 8.
Nxd5 Be4 9. Nxf6+ Nxf6 10. Qb4 Rb8 11. Qa4 e5 12. Nxe5 Qd6 13. f3 c5 14. fxe4
cxd4 15. Nf3 dxe3 16. e5 Qb6 17. exf6 Bxf6 18. Be2 Bxb2 19. Bxb2 Qxb2 20. Qd1
Qb4+ 21. Kf1 Rfd8 22. Qc1 Qc5 23. g3 g5 24. g4 Re8 25. Rb1 f5 26. gxf5 Qxf5 27.
Rxb8 Rxb8 28. Qxe3 Rb1+ 29. Kg2 Qg4+ 30. Kf2 Rxh1 31. Qxg5+ Qxg5 32. Nxg5 Rxh2+
33. Kf3 h5 34. c5 Kf8 35. Bc4 Rc2 36. Ne6+ Ke7 37. Bb3 Rc3+ 38. Kg2 Rxb3 39.
axb3 Kxe6 40. b4 Kd5 41. Kh3 a5 42. c6 Kxc6 1/2-1/2

[Event "33. Seebach-Open"]
[Site "Grossenseebach"]
[Date "2024.06.01"]
[Round "5.62"]
[White "Ramayanam, Nithya"]
[Black "Kreiner, Tobias"]
[Result "1/2-1/2"]
[WhiteElo "1185"]
[BlackElo "1416"]
[PlyCount "111"]
[EventDate "2024.??.??"]
[WhiteTeam "SC Erlangen 48/88"]
[BlackTeam "FSV Großenseebach"]

1. e4 Nc6 2. Nf3 d5 3. e5 Bg4 4. Bb5 e6 5. Bxc6+ bxc6 6. d4 c5 7. c3 Ne7 8.
dxc5 Ng6 9. Qa4+ c6 10. Qxg4 Bxc5 11. Qa4 Qb6 12. O-O O-O 13. Qb3 Qc7 14. Be3
Be7 15. Nbd2 Nxe5 16. Nxe5 Qxe5 17. Rfe1 Qc7 18. c4 Rab8 19. Qc2 Bf6 20. Nb3 a5
21. a4 Rb7 22. cxd5 Rfb8 23. Qxc6 Qxc6 24. dxc6 Rxb3 25. c7 Rc8 26. Bf4 Kf8 27.
g3 e5 28. Bxe5 Bxe5 29. Rxe5 Rxc7 30. Rxa5 Rxb2 31. Rb5 Rxb5 32. axb5 Rb7 33.
Rb1 Ke7 34. Rb3 Kd6 35. Rf3 f6 36. Rb3 Kc5 37. Kg2 Rxb5 38. Rxb5+ Kxb5 39. Kf3
Kc6 40. Kf4 g6 41. h4 Kd5 42. g4 Ke6 43. Ke4 f5+ 44. gxf5+ gxf5+ 45. Kf4 Kf6
46. f3 h6 47. h5 Ke6 48. Ke3 Kd5 49. Kf4 Ke6 50. Ke3 Ke5 51. f4+ Kd5 52. Kd3
Kc5 53. Kc3 Kd5 54. Kd3 Kc5 55. Kc3 Kd5 56. Kd3 1/2-1/2

[Event "33. Seebach-Open"]
[Site "Grossenseebach"]
[Date "2024.06.01"]
[Round "5.63"]
[White "Held, Werner"]
[Black "Schuessler, Simon"]
[Result "0-1"]
[WhiteElo "1111"]
[BlackElo "1374"]
[PlyCount "102"]
[EventDate "2024.??.??"]
[WhiteTeam "Spvg Zabo-Eintracht Nürnberg e.V"]
[BlackTeam "FSV Großenseebach"]

1. h4 d5 2. a4 e5 3. b3 Bf5 4. Bb2 Nc6 5. d3 Bc5 6. g3 f6 7. Bg2 h5 8. c3 Qd7
9. e3 a5 10. Bf3 Bg4 11. Bxg4 Qxg4 12. Qxg4 hxg4 13. Nd2 g5 14. h5 f5 15. O-O-O
O-O-O 16. Rh2 Rh7 17. Re1 e4 18. c4 Rh6 19. cxd5 Rxd5 20. dxe4 Rd3 21. exf5 Bb4
22. f3 Rhd6 23. Rd1 Rxe3 24. fxg4 Rxg3 25. Ne2 Rxg4 26. Nc3 Rf4 27. Re2 Rxf5
28. Re8+ Rd8 29. Re4 Nh6 30. Re6 Bf8 31. Rg6 g4 32. Nce4 Ne7 33. Rf6 Neg8 34.
Rxf5 Nxf5 35. Rg1 Ngh6 36. Bf6 Rd3 37. Kc2 Rh3 38. Re1 Bb4 39. Bg5 Rxh5 40.
Bxh6 Rxh6 41. Nf2 Rh2 42. Nfe4 Rh6 43. Rg1 Rg6 44. Nc4 Rg7 45. Rh1 b6 46. Rg1
g3 47. Ne5 g2 48. Kd1 Nh4 49. Nd2 Bc5 50. Ndf3 Nxf3 51. Nxf3 Bxg1 0-1

[Event "33. Seebach-Open"]
[Site "Grossenseebach"]
[Date "2024.06.01"]
[Round "5.64"]
[White "Bajaj, Pranit"]
[Black "Denhardt, Daniel"]
[Result "0-1"]
[WhiteElo "1097"]
[BlackElo "1315"]
[PlyCount "78"]
[EventDate "2024.??.??"]
[WhiteTeam "SC Erlangen 48/88"]
[BlackTeam "FSV Großenseebach"]

1. e4 d6 2. Nf3 Nf6 3. Nc3 g6 4. Bc4 Bg7 5. O-O O-O 6. d4 Bg4 7. Be3 Nbd7 8.
Be2 e5 9. Bg5 Qe8 10. Qd2 Rd8 11. h3 exd4 12. Qxd4 Bxf3 13. Bxf3 Ne5 14. Be2
Nfd7 15. Qxa7 f6 16. Bh4 Nc5 17. Qa5 b6 18. Qb4 Ra8 19. Bb5 Qd8 20. f4 Ned7 21.
Rad1 Kh8 22. e5 Na6 23. Qc4 Nab8 24. exd6 c6 25. Bxc6 Nxc6 26. Qxc6 Rc8 27. Qf3
g5 28. Bg3 b5 29. Rfe1 b4 30. Na4 Rxc2 31. Qb3 Rc6 32. Re7 Bh6 33. Qd3 f5 34.
Qd4+ Rf6 35. fxg5 Bxg5 36. Rde1 Rc8 37. R1e5 f4 38. Rxg5 fxg3 39. Rgg7 Rc1+ 0-1

[Event "33. Seebach-Open"]
[Site "Grossenseebach"]
[Date "2024.06.01"]
[Round "5.65"]
[White "Franke, Martin"]
[Black "Mao, Leo"]
[Result "1-0"]
[WhiteElo "1297"]
[BlackElo "1174"]
[PlyCount "93"]
[EventDate "2024.??.??"]
[WhiteTeam "FSV Großenseebach"]
[BlackTeam "SC Erlangen 48/88"]

1. e4 e5 2. Nf3 Nc6 3. Bc4 Nf6 4. Ng5 d5 5. exd5 Na5 6. Bb5+ Bd7 7. Qe2 Qe7 8.
Bxd7+ Nxd7 9. d3 c6 10. Nc3 Nb6 11. dxc6 Nxc6 12. O-O h6 13. Nf3 Rd8 14. Re1 f6
15. Qe4 Qd7 16. Qg6+ Qf7 17. Qxf7+ Kxf7 18. Be3 Nd5 19. Nxd5 Rxd5 20. a3 Bc5
21. c4 Rd4 22. Bxd4 Nxd4 23. Nxd4 Bxd4 24. Rab1 g5 25. b4 Ke6 26. g4 Rf8 27.
Kg2 f5 28. gxf5+ Rxf5 29. Re2 h5 30. h3 Rf4 31. f3 g4 32. fxg4 hxg4 33. hxg4
Rxg4+ 34. Kh3 Kf5 35. Rf1+ Rf4 36. Rxf4+ exf4 37. Re4 Bc3 38. Kg2 Kg4 39. Re7
f3+ 40. Kf1 f2 41. Rxb7 Kf5 42. Rxa7 Ke6 43. Ra5 Be1 44. Rd5 Ke7 45. c5 Ke6 46.
Rd4 Ke5 47. Rd8 1-0

[Event "33. Seebach-Open"]
[Site "Grossenseebach"]
[Date "2024.06.01"]
[Round "5.66"]
[White "Mao, Luca"]
[Black "Averin, Alex"]
[Result "0-1"]
[WhiteElo "798"]
[BlackElo "1288"]
[PlyCount "74"]
[EventDate "2024.??.??"]
[WhiteTeam "SC Erlangen 48/88"]
[BlackTeam "SC Schwarz-Weiß Nürnberg Süd e.V"]

1. e4 c5 2. c4 Nc6 3. Nc3 e6 4. g3 Nf6 5. Bg2 Be7 6. Nf3 O-O 7. O-O Ng4 8. d3
Nge5 9. Nxe5 Nxe5 10. Bf4 d6 11. d4 Nxc4 12. b3 cxd4 13. Qxd4 Ne5 14. Rac1 Nc6
15. Qe3 e5 16. Rfd1 exf4 17. gxf4 Ne5 18. h4 Ng6 19. h5 Nxf4 20. e5 Nxg2 21.
Kxg2 Re8 22. exd6 Bg5 23. Qg3 Bxc1 24. Rxc1 b6 25. h6 Bb7+ 26. Nd5 Bxd5+ 27. f3
Qf6 28. d7 Qb2+ 29. Kh3 Be6+ 30. Kh4 Qf6+ 31. Qg5 Qxh6+ 32. Qxh6 gxh6 33.
dxe8=Q+ Rxe8 34. Kh5 Rc8 35. Rg1+ Kf8 36. Kxh6 Rc2 37. Kxh7 Rh2# 0-1

[Event "33. Seebach-Open"]
[Site "Grossenseebach"]
[Date "2024.06.01"]
[Round "5.69"]
[White "Savchuk, Andrej"]
[Black "Hummel, Heike"]
[Result "1/2-1/2"]
[WhiteElo "1274"]
[BlackElo "1170"]
[PlyCount "68"]
[EventDate "2024.??.??"]
[WhiteTeam "SC Uttenreuth e.V."]
[BlackTeam "SK Rothenburg e.V."]

1. e4 e5 2. d4 exd4 3. Qxd4 Nc6 4. Qe3 Be7 5. Nc3 Bb4 6. Bd2 h6 7. O-O-O d6 8.
Bc4 Be6 9. Bxe6 fxe6 10. Qg3 Qf6 11. f4 O-O-O 12. Nf3 Nge7 13. e5 Qf7 14. Rhe1
Nf5 15. Qh3 h5 16. exd6 Rxd6 17. Ne4 Bxd2+ 18. Nfxd2 Rd5 19. Ng5 Qd7 20. Rxe6
Rh6 21. Rxh6 gxh6 22. Nge4 Ncd4 23. Nc3 Qc6 24. Nb3 Nxb3+ 25. axb3 Rxd1+ 26.
Nxd1 Qe4 27. Ne3 Qxe3+ 28. Qxe3 Nxe3 29. g3 Kd7 30. Kd2 Nf5 31. Kd3 c5 32. Ke4
Ke6 33. c3 b5 34. b4 Nd6+ 1/2-1/2

[Event "33. Seebach-Open"]
[Site "Grossenseebach"]
[Date "2024.06.01"]
[Round "5.72"]
[White "Homfeldt, Maren"]
[Black "Zaiser, Dion"]
[Result "1/2-1/2"]
[WhiteElo "871"]
[BlackElo "1307"]
[PlyCount "67"]
[EventDate "2024.??.??"]
[WhiteTeam "SC Noris-Tarrasch Nürnberg 1873"]
[BlackTeam "SG Büchenbach/Roth e.V."]

1. e3 d5 2. Ne2 Nf6 3. b3 e5 4. Bb2 Nc6 5. c3 Bd6 6. g3 Bf5 7. d3 e4 8. Nc1 Bg4
9. Be2 Bxe2 10. Nxe2 Ne5 11. Nf4 Nf3+ 12. Ke2 Be5 13. d4 Bd6 14. Qc2 Rc8 15. c4
c6 16. c5 Bc7 17. b4 Qd7 18. h3 O-O 19. Nd2 Nxd2 20. Qxd2 Ra8 21. Rag1 a5 22.
Bc3 axb4 23. Bxb4 Ra7 24. Ra1 Rfa8 25. a3 Ba5 26. Qc3 Bxb4 27. axb4 Ra2+ 28.
Rxa2 Rxa2+ 29. Kf1 Qc8 30. Kg2 Qa8 31. Rb1 Qa4 32. g4 Ra3 33. Qe1 g6 34. Kg3
1/2-1/2

[Event "33. Seebach-Open"]
[Site "Grossenseebach"]
[Date "2024.06.01"]
[Round "6.1"]
[White "Ott, Florian"]
[Black "Kochiev, Ivan"]
[Result "1/2-1/2"]
[WhiteElo "2265"]
[BlackElo "2134"]
[PlyCount "72"]
[EventDate "2024.??.??"]
[WhiteTeam "SC Erlangen 48/88"]
[BlackTeam "SC Noris-Tarrasch Nürnberg 1873"]

1. d4 Nf6 2. c4 e6 3. Nc3 c5 4. d5 exd5 5. cxd5 d6 6. e4 g6 7. f4 Bg7 8. Bb5+
Nfd7 9. Nf3 O-O 10. O-O Na6 11. Kh1 Nc7 12. Bd3 Nf6 13. f5 b5 14. a3 Re8 15.
Bg5 Qd7 16. e5 dxe5 17. Bxf6 Bxf6 18. Ne4 Bg7 19. d6 gxf5 20. dxc7 Qxc7 21.
Bxb5 Rd8 22. Qe1 fxe4 23. Ng5 h6 24. Rxf7 Qb6 25. Bc4 Kh8 26. Qxe4 hxg5 27.
Qxa8 Be6 28. Qe4 Bxf7 29. Bxf7 Qxb2 30. Rf1 Qd4 31. Qg6 Qh4 32. Ba2 Qh6 33. Qe4
Qh4 34. Qg6 Qh6 35. Qe4 Qh4 36. Qg6 Qh6 1/2-1/2

[Event "33. Seebach-Open"]
[Site "Grossenseebach"]
[Date "2024.06.01"]
[Round "6.2"]
[White "Deschler, Arne"]
[Black "Liepold, Stefan"]
[Result "1-0"]
[WhiteElo "2052"]
[BlackElo "2201"]
[PlyCount "135"]
[EventDate "2024.??.??"]
[WhiteTeam "SC Noris-Tarrasch Nürnberg 1873"]
[BlackTeam "SC Erlangen 48/88"]

1. e4 e6 2. d4 d5 3. Nd2 c5 4. exd5 exd5 5. Bd3 Nc6 6. Ngf3 cxd4 7. O-O Nf6 8.
Re1+ Be7 9. h3 O-O 10. Nb3 Nb4 11. Nbxd4 Nxd3 12. Qxd3 Ne4 13. Bf4 Bf6 14. c3
Qb6 15. Qb5 Be6 16. Qxb6 axb6 17. a3 Nc5 18. Rad1 Rfc8 19. Re2 Bd7 20. Be5 Ba4
21. Rb1 Re8 22. Bxf6 Rxe2 23. Nxe2 gxf6 24. Ned4 Re8 25. Kf1 Nd3 26. Ne1 Nc5
27. Nec2 Ne6 28. Re1 Rd8 29. Re2 Bxc2 30. Rxc2 Nxd4 31. cxd4 Rd6 32. Ke2 Rc6
33. Kd3 Kf8 34. Rxc6 bxc6 35. a4 Ke7 36. b4 Kd7 37. Kc3 Kc7 38. Kb3 Kb7 39. Kc2
Kc7 40. Kd2 Kc8 41. Ke3 Kc7 42. Kf4 Kc8 43. h4 Kc7 44. h5 Kd7 45. g4 Kc7 46.
Ke3 Kd7 47. Kf4 Kc7 48. Kf5 Kd7 49. h6 Kc7 50. f3 Kd7 51. f4 c5 52. bxc5 bxc5
53. dxc5 Kc6 54. g5 Kxc5 55. a5 d4 56. Ke4 Kc4 57. a6 d3 58. a7 d2 59. a8=Q
d1=Q 60. Qc6+ Kb4 61. Qxf6 Qe2+ 62. Kd5 Qe8 63. Qe5 Qa8+ 64. Kd4 Qa1+ 65. Ke4
Qh1+ 66. Kf5 Qh5 67. Kf6 Qg6+ 68. Ke7 1-0

[Event "33. Seebach-Open"]
[Site "Grossenseebach"]
[Date "2024.06.01"]
[Round "6.3"]
[White "Heimrath, Reiner"]
[Black "Isbilir, Levin"]
[Result "1/2-1/2"]
[WhiteElo "2163"]
[BlackElo "2024"]
[PlyCount "102"]
[EventDate "2024.??.??"]
[WhiteTeam "SC Noris-Tarrasch Nürnberg 1873"]
[BlackTeam "SC Erlangen 48/88"]

1. e4 c5 2. Nc3 Nc6 3. g3 g6 4. d3 Bg7 5. Bg2 d6 6. Nge2 Rb8 7. Be3 Nd4 8. a4
a6 9. Ra2 b5 10. axb5 axb5 11. Nc1 b4 12. Nd5 e6 13. Nf4 Ne7 14. Nfe2 Nec6 15.
O-O O-O 16. c3 Nxe2+ 17. Nxe2 Bd7 18. d4 cxd4 19. cxd4 Ra8 20. Qb3 Rxa2 21.
Qxa2 Qa5 22. Ra1 Ra8 23. Qxa5 Rxa5 24. Rxa5 Nxa5 25. Bd2 Nb3 26. Bxb4 Nxd4 27.
Nc3 Nb5 28. Nxb5 Bxb5 29. b3 Be5 30. Kh1 g5 31. Bd2 f6 32. Kg1 Bd3 33. b4 Kf7
34. h3 Ke7 35. f4 gxf4 36. gxf4 Bd4+ 37. Kh2 f5 38. exf5 Bxf5 39. Bf1 Kd7 40.
Kg3 d5 41. Be2 Bb2 42. Bg4 d4 43. Kf2 Kc6 44. Ke2 Kd5 45. Bxf5 exf5 46. Kd3 h5
47. Kc2 Ba1 48. Kd3 Bb2 49. Be1 Bc1 50. Bf2 Ba3 51. Bxd4 Bxb4 1/2-1/2

[Event "33. Seebach-Open"]
[Site "Grossenseebach"]
[Date "2024.06.01"]
[Round "6.4"]
[White "Heppert, Lars"]
[Black "Narr, Kevin"]
[Result "0-1"]
[WhiteElo "1910"]
[BlackElo "2131"]
[PlyCount "42"]
[EventDate "2024.??.??"]
[WhiteTeam "SK Neuburg"]
[BlackTeam "SG Donautal Tuttlingen"]

1. Nf3 d5 2. e3 Nf6 3. c4 c6 4. Nc3 e6 5. b3 Bd6 6. Bb2 O-O 7. Qc2 e5 8. cxd5
cxd5 9. Nb5 Nc6 10. Nxd6 Qxd6 11. Rc1 Bg4 12. Qb1 Rfe8 13. h3 Bh5 14. Nh4 Ne4
15. Bd3 Nb4 16. Bxe4 dxe4 17. O-O Nd3 18. Rc4 Be2 19. Rxe4 Nxb2 20. Nf5 Qxd2
21. Nxg7 Kxg7 0-1

[Event "33. Seebach-Open"]
[Site "Grossenseebach"]
[Date "2024.06.01"]
[Round "6.5"]
[White "Ratushnyi, Viktor"]
[Black "Meulner, Fabian"]
[Result "1/2-1/2"]
[WhiteElo "2025"]
[BlackElo "2085"]
[PlyCount "24"]
[EventDate "2024.??.??"]
[WhiteTeam "SC Schwarz-Weiß Nürnberg Süd e.V"]
[BlackTeam "SC JÄKLECHEMIE Talente Franken e"]

1. e4 e6 2. d4 d5 3. exd5 exd5 4. Nf3 Nf6 5. Bd3 Bd6 6. Qe2+ Be6 7. Ng5 Qe7 8.
Nxe6 fxe6 9. Nd2 Nc6 10. Nf3 O-O 11. O-O e5 12. dxe5 Nxe5 1/2-1/2

[Event "33. Seebach-Open"]
[Site "Grossenseebach"]
[Date "2024.06.01"]
[Round "6.6"]
[White "Piotraschke, Jens"]
[Black "Huhn, Stefan"]
[Result "1-0"]
[WhiteElo "2064"]
[BlackElo "1999"]
[PlyCount "83"]
[EventDate "2024.??.??"]
[WhiteTeam "TuS Coswig 1920"]
[BlackTeam "SV Herrenberg e.V."]

1. d4 c5 2. d5 Nf6 3. c4 b5 4. cxb5 a6 5. e3 g6 6. Nc3 Bg7 7. Nf3 O-O 8. a4 Bb7
9. Be2 axb5 10. Bxb5 e6 11. e4 exd5 12. exd5 Re8+ 13. Kf1 Ne4 14. Qd3 f5 15.
Be3 Ba6 16. Rc1 Bxb5 17. axb5 d6 18. g3 Nd7 19. Kg2 h6 20. Ra1 Qc7 21. Rxa8
Rxa8 22. Nxe4 fxe4 23. Qxe4 Rf8 24. Nh4 g5 25. Qe6+ Kh7 26. Qg6+ Kh8 27. Nf5
Ne5 28. Qxg7+ Qxg7 29. Nxg7 Kxg7 30. b4 cxb4 31. Bd4 Rc8 32. Rb1 Rc4 33. Bxe5+
dxe5 34. b6 Rc8 35. b7 Rb8 36. Rxb4 Kf6 37. Kf3 h5 38. Ke4 h4 39. Rb6+ Kf7 40.
gxh4 gxh4 41. Kxe5 h3 42. Kd6 1-0

[Event "33. Seebach-Open"]
[Site "Grossenseebach"]
[Date "2024.06.01"]
[Round "6.7"]
[White "Boehme, Markus"]
[Black "Meulner, Klaus"]
[Result "1/2-1/2"]
[WhiteElo "2196"]
[BlackElo "1986"]
[PlyCount "69"]
[EventDate "2024.??.??"]
[WhiteTeam "SC Uttenreuth e.V."]
[BlackTeam "SC Schwarz-Weiß Nürnberg Süd e.V"]

1. e4 Nf6 2. e5 Nd5 3. d4 d6 4. Nf3 Bg4 5. Be2 e6 6. O-O Be7 7. c4 Nb6 8. h3
Bh5 9. Nc3 O-O 10. exd6 cxd6 11. b3 Nc6 12. Be3 d5 13. c5 Nc8 14. b4 a6 15. Rb1
Bf6 16. a4 Bg6 17. b5 Na5 18. Rc1 Nc4 19. Bf4 Ne7 20. g4 h6 21. h4 Bh7 22. Bxc4
dxc4 23. Bd6 Nd5 24. Nxd5 exd5 25. Bxf8 Kxf8 26. Qd2 Be4 27. Qf4 g5 28. hxg5
hxg5 29. Qg3 axb5 30. Ne5 bxa4 31. f3 Bh7 32. Qh2 Kg7 33. Nxf7 Bxd4+ 34. Kg2
Qf6 35. Rh1 1/2-1/2

[Event "33. Seebach-Open"]
[Site "Grossenseebach"]
[Date "2024.06.01"]
[Round "6.9"]
[White "Basel, Matthias"]
[Black "Homi, Joseph"]
[Result "0-1"]
[WhiteElo "1989"]
[BlackElo "2134"]
[PlyCount "94"]
[EventDate "2024.??.??"]
[WhiteTeam "SC Kitzingen von 1905"]
[BlackTeam "SGem 1882 Fürth"]

1. Nf3 Nf6 2. c4 e6 3. g3 d5 4. Bg2 Bd6 5. b3 dxc4 6. bxc4 e5 7. Bb2 Nbd7 8.
O-O c6 9. Qc2 Qe7 10. d3 O-O 11. a4 Re8 12. Nbd2 Nc5 13. Nb3 Nfd7 14. Nfd2 Nxb3
15. Nxb3 Nf8 16. Bc3 Bf5 17. Rab1 Rad8 18. Na5 Bc8 19. Qb2 Rd7 20. Nxc6 bxc6
21. Bxc6 Qe6 22. Bxd7 Bxd7 23. Bb4 Bxb4 24. Qxb4 Bc6 25. Qc5 Nd7 26. Qe3 Qh3
27. f3 Nf6 28. Qf2 h5 29. Rb2 Qd7 30. Rfb1 Re6 31. Rb8+ Kh7 32. a5 Rd6 33. R1b3
e4 34. R8b5 exd3 35. exd3 Rxd3 36. Qc2 Be4 37. Rxd3 Bxd3 38. Qc3 Bg6 39. Rb2
Qd1+ 40. Kg2 Bd3 41. h3 Qf1+ 42. Kh2 h4 43. Rg2 Qxf3 44. gxh4 Qf4+ 45. Kg1 Qf1+
46. Kh2 Be4 47. Rg5 Qf2+ 0-1